[Event "Dortmund Sparkassen op-B 47th"]
[Site "Dortmund"]
[Date "2019.07.16"]
[Round "4"]
[White "Mischke, Daniel"]
[Black "Sonntag, Joachim"]
[Result "1/2-1/2"]
[WhiteElo "1526"]
[BlackElo "1751"]
[PlyCount "55"]
[EventDate "2019.07.13"]
[EventType "swiss"]
[EventRounds "9"]
[EventCountry "GER"]
[SourceTitle "CBM 192 Extra"]
[Source "Chessbase"]
[SourceDate "2019.11.06"]
[SourceVersion "1"]
[SourceVersionDate "2019.11.06"]
[SourceQuality "1"]

1. e4 c5 2. Nc3 e6 3. Nf3 Nc6 4. Bb5 Qc7 5. 0-0 Nd4 6. d3 a6 7. Ba4 Nf6 8. h3 b5 9. Bb3 Bb7 10. Nxd4 cxd4 11. Ne2 Bc5 12. Bf4 e5 13. Bh2 0-0 14. a3 d5 15. f3 Rad8 16. Ng3 Rfe8 17. Kh1 Bc8 18. Qd2 Be6 19. Rac1 Qd6 20. Qg5 h6 21. Qd2 b4 22. a4 Qd7 23. Ne2 Bd6 24. g4 a5 25. Ng3 dxe4 26. Bxe6 fxe6 27. fxe4 Nh7 28. b3 1/2-1/2

[Event "Dortmund Sparkassen op-B 47th"]
[Site "Dortmund"]
[Date "2019.07.13"]
[Round "1"]
[White "Sonntag, Joachim"]
[Black "Ostra, Noah"]
[Result "1/2-1/2"]
[WhiteElo "1751"]
[BlackElo "1542"]
[PlyCount "54"]
[EventDate "2019.07.13"]
[EventType "swiss"]
[EventRounds "9"]
[EventCountry "GER"]
[SourceTitle "CBM 192 Extra"]
[Source "Chessbase"]
[SourceDate "2019.11.06"]
[SourceVersion "1"]
[SourceVersionDate "2019.11.06"]
[SourceQuality "1"]

1. e4 c5 2. Nf3 d6 3. d4 cxd4 4. Nxd4 Nf6 5. Nc3 a6 6. Bc4 e6 7. Bb3 Nbd7 8. 0-0 Nc5 9. Qe2 Qc7 10. f4 Nxb3 11. Nxb3 b5 12. a3 Bb7 13. Kh1 Be7 14. Nd4 0-0 15. Bd2 Qc5 16. Nf3 Rac8 17. Rac1 Qc4 18. Rfe1 Rfd8 19. f5 Qxe2 20. Rxe2 Rc4 21. fxe6 fxe6 22. Ng5 e5 23. Rce1 h6 24. Nf3 Rf8 25. Bc1 Nh5 26. Nd2 Rc7 27. g3 Nf6 1/2-1/2

[Event "Dortmund Sparkassen op-B"]
[Site "Dortmund"]
[Date "2011.07.25"]
[Round "3"]
[White "Wichtrup, Jan Louis"]
[Black "Sonntag, Joachim"]
[Result "0-1"]
[WhiteElo "1515"]
[BlackElo "1750"]
[PlyCount "32"]
[EventDate "2011.07.23"]
[EventType "swiss"]
[EventRounds "9"]
[EventCountry "GER"]
[SourceTitle "EXT 2013"]
[Source "ChessBase"]
[SourceDate "2012.11.22"]
[SourceVersion "1"]
[SourceVersionDate "2012.11.22"]
[SourceQuality "1"]

1. d4 d5 2. Nf3 Nf6 3. c4 c6 4. e3 Nbd7 5. Nbd2 Qa5 6. Bd3 e6 7. 0-0 Bd6 8. c5 Bb8 9. a3 0-0 10. b4 Qc7 11. Bb2 Ng4 12. g3 f5 13. h3 Nxe3 14. fxe3 Qxg3+ 15. Kh1 Qxh3+ 16. Kg1 Rf6 0-1

[Event "Dortmund op-B"]
[Site "Dortmund"]
[Date "2009.07.10"]
[Round "7"]
[White "Sonntag, Joachim"]
[Black "Simanowski, Mio"]
[Result "1-0"]
[WhiteElo "1789"]
[BlackElo "1604"]
[PlyCount "71"]
[EventDate "2009.07.04"]
[EventType "swiss"]
[EventRounds "9"]
[EventCountry "GER"]
[SourceTitle "EXT 2012"]
[Source "ChessBase"]
[SourceDate "2011.11.24"]
[SourceVersion "1"]
[SourceVersionDate "2011.11.24"]
[SourceQuality "1"]

1. e4 e5 2. Nf3 Nc6 3. Bb5 a6 4. Ba4 Nf6 5. Nc3 Bb4 6. 0-0 b5 7. Bb3 d6 8. d3 Bg4 9. Nd5 Qd7 10. a4 Nxd5 11. Bxd5 Rb8 12. axb5 axb5 13. c3 Bxf3 14. Qxf3 Bc5 15. Ra6 Rb6 16. Ra2 0-0 17. b4 Bxb4 18. Bxc6 Qxc6 19. cxb4 Qc3 20. Bd2 Qb3 21. Rfa1 Rc6 22. h4 h6 23. Kh2 Rc2 24. Rxc2 Qxc2 25. Qe3 Rb8 26. Rc1 Qb2 27. Rxc7 Qa3 28. Qg3 g6 29. Qf3 Qb3 30. Bxh6 Qe6 31. Bg5 Rf8 32. Re7 Qf6 33. Qxf6 Kh7 34. Rxf7+ Rxf7 35. Qxf7+ Kh8 36. Bf6# 1-0

[Event "Dortmund op-B"]
[Site "Dortmund"]
[Date "2009.07.06"]
[Round "3"]
[White "Sonntag, Joachim"]
[Black "Huckebrink, Chris"]
[Result "1/2-1/2"]
[WhiteElo "1789"]
[BlackElo "1537"]
[PlyCount "120"]
[EventDate "2009.07.04"]
[EventType "swiss"]
[EventRounds "9"]
[EventCountry "GER"]
[SourceTitle "EXT 2012"]
[Source "ChessBase"]
[SourceDate "2011.11.24"]
[SourceVersion "1"]
[SourceVersionDate "2011.11.24"]
[SourceQuality "1"]

1. e4 e6 2. d4 d5 3. e5 c5 4. c3 Qb6 5. Nf3 Nc6 6. Bd3 Bd7 7. Bc2 cxd4 8. cxd4 Nb4 9. 0-0 Nxc2 10. Qxc2 Rc8 11. Nc3 Bb4 12. Qb3 Bxc3 13. Qxb6 axb6 14. bxc3 Rxc3 15. Bd2 Rc4 16. Rfb1 b5 17. a4 Rxa4 18. Rxa4 bxa4 19. Rxb7 Ne7 20. Ng5 f6 21. Nf7 Kxf7 22. Rxd7 a3 23. Ra7 Rb8 24. Kf1 Rb3 25. Ke2 a2 26. Rxa2 Nc6 27. Be3 fxe5 28. dxe5 d4 29. Bf4 h6 30. h4 g5 31. hxg5 hxg5 32. Bxg5 Nxe5 33. Bd2 Kg6 34. f3 Rb1 35. Ra4 d3+ 36. Ke3 Rg1 37. Kf2 Rb1 38. Re4 Rb5 39. Bc3 Nd7 40. Rxe6+ Kf7 41. Rd6 Nc5 42. Rd5 Ke6 43. Rd8 Rb3 44. Bd2 Nb7 45. Rb8 Na5 46. Rxb3 Nxb3 47. Ke3 Kf5 48. g3 Nc5 49. Bb4 Ne6 50. Bd6 Ng5 51. g4+ Kg6 52. Bb4 Kf6 53. Bc3+ Kg6 54. f4 Nf7 55. Kxd3 Nh6 56. g5 Nf5 57. Bb4 Ng3 58. Bc5 Nf5 59. Ke2 Ng3+ 60. Kf3 Nf5 1/2-1/2

[Event "Dortmund4"]
[Site "Dortmund"]
[Date "2006.05.03"]
[Round "3"]
[White "Hardt, Helmut"]
[Black "Sonntag, Joachim"]
[Result "0-1"]
[WhiteElo "1861"]
[BlackElo "1787"]
[PlyCount "98"]
[EventDate "2006.04.26"]
[EventType "tourn"]
[EventRounds "11"]
[EventCountry "GER"]
[SourceTitle "EXT 2007"]
[Source "ChessBase"]
[SourceDate "2006.11.23"]
[SourceVersion "1"]
[SourceVersionDate "2006.11.23"]
[SourceQuality "1"]

1. e4 c5 2. Nf3 d6 3. Bc4 Nc6 4. 0-0 Nf6 5. Re1 g6 6. c3 Bg7 7. d4 cxd4 8. cxd4 0-0 9. Bg5 Bg4 10. Nc3 Nd7 11. Be3 Nb6 12. Be2 Rc8 13. Qd2 Bxf3 14. gxf3 f5 15. f4 e5 16. fxe5 dxe5 17. d5 Nd4 18. Bxd4 exd4 19. Nb5 Nc4 20. Bxc4 Rxc4 21. d6 a6 22. Na3 Rc5 23. b4 Re5 24. Nc4 Rxe4 25. f3 Ree8 26. Rxe8 Rxe8 27. Re1 b5 28. Rxe8+ Qxe8 29. Nb6 Qe3+ 30. Qxe3 dxe3 31. Kf1 Kf7 32. Nd5 Ke6 33. Nc7+ Kd7 34. Nxa6 Kxd6 35. Nc5 Kd5 36. Ke2 f4 37. Kd3 g5 38. Ne4 h6 39. Nc5 Bf8 40. Nd7 Bxb4 41. Nf6+ Ke6 42. Ne4 Ke5 43. Ke2 g4 44. a3 Bxa3 45. Nc3 b4 46. Nd1 h5 47. fxg4 hxg4 48. Kd3 Kd5 49. Ke2 Ke4 0-1

[Event "Dortmund4"]
[Site "Dortmund"]
[Date "2006.04.23"]
[Round "8"]
[White "Grube, Joerg"]
[Black "Sonntag, Joachim"]
[Result "0-1"]
[WhiteElo "1776"]
[BlackElo "1787"]
[PlyCount "115"]
[EventDate "2006.04.26"]
[EventType "tourn"]
[EventRounds "11"]
[EventCountry "GER"]
[SourceTitle "EXT 2007"]
[Source "ChessBase"]
[SourceDate "2006.11.23"]
[SourceVersion "1"]
[SourceVersionDate "2006.11.23"]
[SourceQuality "1"]

1. d4 d5 2. Nf3 Nf6 3. e3 e6 4. Bd3 Nbd7 5. Nbd2 c6 6. 0-0 Bd6 7. Re1 0-0 8. e4 dxe4 9. Nxe4 Nxe4 10. Rxe4 Nf6 11. Rh4 Be7 12. Ne5 g6 13. Bh6 Nd7 14. Rh3 Re8 15. Qf3 Nxe5 16. dxe5 f5 17. Rd1 Qa5 18. Qf4 Qb4 19. Qxb4 Bxb4 20. Bg5 Be7 21. Bxe7 Rxe7 22. Bc4 b5 23. Rd8+ Kg7 24. Bb3 c5 25. c4 b4 26. Rhd3 Bb7 27. R3d7 Kf7 28. Ba4 Rxd8 29. Rxd8 h5 30. h4 f4 31. f3 Kg7 32. Rd6 Bc8 33. Kf2 Rc7 34. Ke2 g5 35. hxg5 Kg6 36. Bc6 Kxg5 37. Be4 Kh4 38. Rd8 Bb7 39. Rg8 Bxe4 40. fxe4 Rd7 41. b3 a5 42. Rg6 Rd4 43. Kf3 Rd2 44. Kxf4 Rxa2 45. Rxe6 Rf2+ 46. Ke3 Rxg2 47. Rc6 Rg3+ 48. Kf4 Rxb3 49. e6 Rg3 50. e7 Rg8 51. Kf5 b3 52. Rb6 a4 53. Kf6 Kg3 54. Kf7 Ra8 55. Rd6 b2 56. Rd8 Ra7 57. Rb8 a3 58. Rb3+ 0-1

[Event "Dortmund op"]
[Site "Dortmund"]
[Date "2006.03.06"]
[Round "1.21"]
[White "Krueger, Inge"]
[Black "Sonntag, Joachim"]
[Result "0-1"]
[WhiteElo "1351"]
[BlackElo "1787"]
[PlyCount "70"]
[EventDate "2006.03.06"]
[EventType "swiss"]
[EventRounds "9"]
[EventCountry "GER"]
[SourceTitle "CBM 111 Extra"]
[Source "ChessBase"]
[SourceDate "2006.05.09"]
[SourceVersion "1"]
[SourceVersionDate "2006.05.09"]
[SourceQuality "1"]

1. d4 d5 2. c4 e6 3. Nc3 Nf6 4. Nf3 c6 5. cxd5 exd5 6. Bg5 Be7 7. e3 0-0 8. Be2 Re8 9. 0-0 Nbd7 10. Rc1 h6 11. Bh4 Ne4 12. Bxe7 Qxe7 13. a3 Ng5 14. b4 Nxf3+ 15. Bxf3 Nf6 16. h3 Bf5 17. g4 Bg6 18. Re1 a5 19. Qb3 axb4 20. axb4 h5 21. g5 Ne4 22. h4 Nd2 23. Qd1 Nxf3+ 24. Qxf3 Qxb4 25. Ne2 Re4 26. Nf4 Qe7 27. Nxg6 fxg6 28. Qh3 Ra2 29. f4 Kh7 30. Rc3 Qb4 31. Rec1 Ra3 32. Rxa3 Qxa3 33. Re1 Rxf4 34. Qg2 Rg4 35. Kh1 Qd3 0-1

[Event "Dortmund ABC Serie A-24"]
[Site "Dortmund"]
[Date "2005.12.09"]
[Round "11"]
[White "Sonntag, Joachim"]
[Black "Buedel, Juergen"]
[Result "1-0"]
[WhiteElo "1738"]
[BlackElo "1677"]
[PlyCount "111"]
[EventDate "2005.10.14"]
[EventType "tourn"]
[EventRounds "11"]
[EventCountry "GER"]
[SourceTitle "EXT 2007"]
[Source "ChessBase"]
[SourceDate "2006.11.23"]
[SourceVersion "1"]
[SourceVersionDate "2006.11.23"]
[SourceQuality "1"]

1. e4 Nc6 2. Nf3 e6 3. Bb5 Nce7 4. Nc3 c6 5. Ba4 b5 6. Bb3 Ng6 7. 0-0 Bd6 8. d4 N8e7 9. d5 0-0 10. Re1 exd5 11. exd5 Qc7 12. Bg5 h6 13. Bxe7 Nxe7 14. Qd3 Ng6 15. dxc6 Ne5 16. Nxe5 Bxe5 17. Nxb5 Bxh2+ 18. Kh1 Qf4 19. Re4 Qb8 20. g3 dxc6 21. Nd6 Be6 22. Kxh2 Bxb3 23. axb3 Qc7 24. Rae1 Rad8 25. Rd1 Qa5 26. Qf3 f5 27. Re7 f4 28. g4 Qg5 29. Ree1 Qh4+ 30. Kg2 Qg5 31. Ne4 Qh4 32. Rxd8 Qxd8 33. Nc5 Qa5 34. Re5 Qd2 35. Re2 Qd5 36. Qxd5+ cxd5 37. f3 Kf7 38. Rd2 Rd8 39. Ne4 Ke6 40. Nc3 a6 41. Rd4 Ke5 42. Ne2 Rc8 43. c4 dxc4 44. bxc4 g5 45. Rd5+ Ke6 46. Nd4+ Kf6 47. b3 Re8 48. Rd6+ Ke5 49. c5 Rc8 50. b4 a5 51. Nc6+ Rxc6 52. Rxc6 axb4 53. Rb6 Kd5 54. c6 Kd6 55. Rxb4 Kxc6 56. Ra4 1-0

[Event "Dortmund ABC Serie A-24"]
[Site "Dortmund"]
[Date "2005.11.23"]
[Round "8"]
[White "Nettbohl, Werner"]
[Black "Sonntag, Joachim"]
[Result "0-1"]
[WhiteElo "1638"]
[BlackElo "1738"]
[PlyCount "106"]
[EventDate "2005.10.14"]
[EventType "tourn"]
[EventRounds "11"]
[EventCountry "GER"]
[SourceTitle "EXT 2007"]
[Source "ChessBase"]
[SourceDate "2006.11.23"]
[SourceVersion "1"]
[SourceVersionDate "2006.11.23"]
[SourceQuality "1"]

1. e4 c5 2. Nf3 d6 3. d4 cxd4 4. Nxd4 Nc6 5. c3 Nf6 6. Bd3 e6 7. 0-0 Be7 8. Nd2 0-0 9. N2f3 a6 10. h3 Qc7 11. Be3 Bd7 12. Rc1 e5 13. Ne2 Rad8 14. Ng3 Be6 15. Bb1 d5 16. Qc2 dxe4 17. Nxe4 Nxe4 18. Qxe4 f5 19. Qc2 Bd5 20. Nh2 Rf6 21. f3 Bd6 22. Ng4 Rf7 23. Rcd1 Bc4 24. Rfe1 Re8 25. b3 Be6 26. Nf2 Rf6 27. h4 Ne7 28. h5 Nd5 29. Bg5 Rf7 30. c4 Nb4 31. Qe2 Rd7 32. Nd3 Nxd3 33. Bxd3 Bc5+ 34. Kh1 h6 35. Bh4 Bb4 36. Rf1 Be7 37. Bg3 Bd6 38. Qc2 Rf8 39. Rfe1 Qd8 40. c5 Qg5 41. cxd6 Qxg3 42. Bc4 Rxd6 43. Bxe6+ Rxe6 44. Qc4 Rfe8 45. Re2 b5 46. Qc7 Qh4+ 47. Kg1 Qxh5 48. Rd7 Qg5 49. Red2 e4 50. f4 Qg3 51. R2d5 e3 52. Re5 e2 53. Rxe6 e1Q+ 0-1

[Event "Dortmund ABC Serie A-24"]
[Site "Dortmund"]
[Date "2005.10.19"]
[Round "2"]
[White "Werner, Patrick2"]
[Black "Sonntag, Joachim"]
[Result "1/2-1/2"]
[WhiteElo "1589"]
[BlackElo "1738"]
[PlyCount "53"]
[EventDate "2005.10.14"]
[EventType "tourn"]
[EventRounds "11"]
[EventCountry "GER"]
[SourceTitle "EXT 2007"]
[Source "ChessBase"]
[SourceDate "2006.11.23"]
[SourceVersion "1"]
[SourceVersionDate "2006.11.23"]
[SourceQuality "1"]

1. d4 d5 2. c4 e6 3. Nf3 Nf6 4. Bg5 Nbd7 5. a3 Be7 6. Nc3 0-0 7. e3 b6 8. Bd3 Bb7 9. 0-0 c5 10. Rc1 Rc8 11. Qe2 Re8 12. cxd5 Nxd5 13. Bxe7 Qxe7 14. e4 Nf4 15. Qe3 Nxd3 16. Qxd3 cxd4 17. Nxd4 Red8 18. Rfd1 Qf6 19. Qe3 Ne5 20. b3 Ng4 21. Qg3 h5 22. Nde2 Rxd1+ 23. Rxd1 Rd8 24. h3 Rxd1+ 25. Nxd1 Qd8 26. Ndc3 Nf6 27. Qe3 1/2-1/2

[Event "Dortmund ABC Serie B-23"]
[Site "Dortmund"]
[Date "2005.05.25"]
[Round "8"]
[White "Sonntag, Joachim"]
[Black "Werninghaus, Klaus Peter"]
[Result "1-0"]
[WhiteElo "1768"]
[BlackElo "1460"]
[PlyCount "79"]
[EventDate "2005.04.15"]
[EventType "tourn"]
[EventRounds "11"]
[EventCountry "GER"]
[SourceTitle "EXT 2007"]
[Source "ChessBase"]
[SourceDate "2006.11.23"]
[SourceVersion "1"]
[SourceVersionDate "2006.11.23"]
[SourceQuality "1"]

1. e4 c6 2. d4 d5 3. Nc3 dxe4 4. Nxe4 Bf5 5. Nc3 e6 6. Nf3 Nd7 7. Bd3 Bxd3 8. Qxd3 Ngf6 9. 0-0 Bd6 10. Re1 0-0 11. Bg5 h6 12. Bh4 Qc7 13. Ne4 Nxe4 14. Qxe4 Rfe8 15. c4 Be7 16. Bg3 Bd6 17. Ne5 Nxe5 18. dxe5 Bb4 19. Red1 Rad8 20. a3 Be7 21. Qg4 Rd7 22. Rxd7 Qxd7 23. Rd1 Qc7 24. Bf4 Rd8 25. Rxd8+ Bxd8 26. h3 Qa5 27. Qg3 Qe1+ 28. Kh2 g5 29. Be3 Qe2 30. b3 b6 31. f4 Qd3 32. h4 f6 33. exf6 Bxf6 34. fxg5 hxg5 35. Bxg5 Qxg3+ 36. Kxg3 Bxg5 37. hxg5 Kg7 38. Kf4 a6 39. Ke5 Kf7 40. g6+ 1-0